| 000 | 00861cam a2200265 4500 | ||
|---|---|---|---|
| 001 | M2094 | ||
| 008 | 090401t1996 xxu||||| |||| 00| 0 eng d | ||
| 035 | _a(Sirsi) u96320 | ||
| 041 | _aeng | ||
| 110 |
_aRoyal Institution of Chartered Surveyors _94900 |
||
| 245 | _aHouse of Commons Trade and Industry Committee : an inquiry into former mineshafts : a submission of evidence by the Royal Institution of Chartered Surveyors | ||
| 260 |
_aLondon _bRICS _c1996 |
||
| 300 | _a(5)p. ; 30cm. | ||
| 350 | _a4 | ||
| 490 |
_aRICS Memorandum _vPU/REPORT(96)09 |
||
| 650 | _aABANDONED MINE WORKINGS | ||
| 650 | _aCOAL MINING SEARCH FORM | ||
| 650 | _aCOAL MINING SEARCHES | ||
| 650 | _aCOAL MINING | ||
| 650 | _aHOUSE OF COMMONS TRADE AND INDUSTRY COMMITTEE | ||
| 650 | _aMINE SHAFTS | ||
| 690 | _aMINING AND MINERALS | ||
| 942 | _n0 | ||
| 948 | _c04/03/1997 | ||
| 999 |
_c98633 _d98633 |
||